5HLuxD.jpg

KING HENRY VIII SENIOR AND PRIMARY SCHOOL LIBRARY OPAC

"who could that be at this hour?" / (Record no. 791)

000 -LEADER
fixed length control field 01786cam a2200385 i 4500
001 - CONTROL NUMBER
control field 19799561
003 - CONTROL NUMBER IDENTIFIER
control field OSt
005 - DATE AND TIME OF LATEST TRANSACTION
control field 20191217115848.0
008 - FIXED-LENGTH DATA ELEMENTS--GENERAL INFORMATION
fixed length control field 170719t20172012nyua j 000 1 eng d
010 ## - LIBRARY OF CONGRESS CONTROL NUMBER
LC control number 2017949593
020 ## - INTERNATIONAL STANDARD BOOK NUMBER
International Standard Book Number 9780316335478
035 ## - SYSTEM CONTROL NUMBER
System control number (OCoLC)ocn999640444
040 ## - CATALOGING SOURCE
Original cataloging agency YDX
Language of cataloging eng
Transcribing agency YDX
Modifying agency BTCTA
-- BDX
Description conventions rda
Modifying agency CCPLG
-- ZHX
-- OCLCO
-- TXP
-- DLC
042 ## - AUTHENTICATION CODE
Authentication code lccopycat
082 ## - DEWEY DECIMAL CLASSIFICATION NUMBER
Classification number FIC SNI
100 1# - MAIN ENTRY--PERSONAL NAME
Personal name Snicket, Lemony,
Relator term author
245 10 - TITLE STATEMENT
Title "who could that be at this hour?" /
Statement of responsibility, etc. Lemony Snicket, art by Seth.
246 31 - VARYING FORM OF TITLE
Title proper/short title Who could that be at this hour?
264 #1 - PRODUCTION, PUBLICATION, DISTRIBUTION, MANUFACTURE, AND COPYRIGHT NOTICE
Place of production, publication, distribution, manufacture New York :
Name of producer, publisher, distributor, manufacturer Little, Brown and Company,
Date of production, publication, distribution, manufacture, or copyright notice 2014.
264 #4 - PRODUCTION, PUBLICATION, DISTRIBUTION, MANUFACTURE, AND COPYRIGHT NOTICE
Date of production, publication, distribution, manufacture, or copyright notice ©2012
300 ## - PHYSICAL DESCRIPTION
Extent 258 pages :
Other physical details illustrations ;
Dimensions 19 cm.
336 ## - CONTENT TYPE
Content type term text
Content type code txt
Source rdacontent
337 ## - MEDIA TYPE
Media type term unmediated
Media type code n
Source rdamedia
338 ## - CARRIER TYPE
Carrier type term volume
Carrier type code nc
Source rdacarrier
490 1# - SERIES STATEMENT
Series statement All the wrong questions ;
Volume/sequential designation 1
500 ## - GENERAL NOTE
General note Originally published in hardcover and ebook by Little, Brown and Company in October 2012 as "Who Could That Be at This Hour?".
520 ## - SUMMARY, ETC.
Summary, etc. "In the first of four volumes, Lemony Snicket recounts the time he spent as a young man in a fading town under the care of a dubious chaperone. Navigating the mysteries of childhood can be difficult, and for Lemony Snicket, the tangled plots that surround him include a missing father, a flooding basement, suspiciously young taxi drivers, a stolen statue, a peculiar librarian, and more information than is necessary about a secret organization"--www.amazon.com.
650 #0 - SUBJECT ADDED ENTRY--TOPICAL TERM
Topical term or geographic name entry element Apprentices
Form subdivision Juvenile fiction.
650 #0 - SUBJECT ADDED ENTRY--TOPICAL TERM
Topical term or geographic name entry element Statues
Form subdivision Juvenile fiction.
650 #0 - SUBJECT ADDED ENTRY--TOPICAL TERM
Topical term or geographic name entry element Mystery and detective stories
650 #0 - SUBJECT ADDED ENTRY--TOPICAL TERM
Topical term or geographic name entry element Humerous stories
700 0# - ADDED ENTRY--PERSONAL NAME
Personal name Seth,
Dates associated with a name 1962-
Relator term illustrator.
800 1# - SERIES ADDED ENTRY--PERSONAL NAME
Personal name Snicket, Lemony.
Title of a work All the wrong questions ;
Volume/sequential designation 1.
942 ## - ADDED ENTRY ELEMENTS (KOHA)
Source of classification or shelving scheme
Koha item type Books - Fiction
Holdings
Withdrawn status Lost status Source of classification or shelving scheme Damaged status Not for loan Collection code Permanent Location Current Location Shelving location Date acquired Total Checkouts Total Renewals Full call number Barcode Date last seen Date last checked out Price effective from Koha item type
          Fiction KH8 Senior School Library KH8 Senior School Library Fiction 2019-12-17 3 1 FIC SNI 3KHSL000101498 2024-07-22 2022-09-08 2019-12-17 Books - Fiction

Powered By KH8 IT Dept